I Congreso nacional de derecho ambiental

Gorde:
Xehetasun bibliografikoak
Erakunde egilea: Centro de Legislación Ambiental de la Unión Mundial para la Naturaleza (Egilea)
Formatua: Liburua
Hizkuntza:gaztelania
Argitaratua: Bonn UICN 1992
Gaiak:
Etiketak: Etiketa erantsi
Etiketarik gabe, Izan zaitez lehena erregistro honi etiketa jartzen!

MARC

LEADER 00000nam a2200000 a 4500
001 UCK3581
003 CL-VaPUC
005 20230922152406.0
008 050429e19920000gw 1 spa d
082 0 4 |a 344.046  |b CEN  |2 21 
110 2 |a Centro de Legislación Ambiental de la Unión Mundial para la Naturaleza   |e author  |9 620701 
245 1 0 |a I Congreso nacional de derecho ambiental 
260 |a Bonn  |b UICN  |c 1992 
300 |a 382 p 
583 |a last modification  |c 20050429 00:00:00  |k Rodrigo Vera 
650 0 0 |a Derecho ambiental   |9 257835 
650 0 0 |a Política ambiental  |9 262970 
650 0 0 |a Medio ambiente  |9 257625 
650 0 0 |a Recursos naturales  |9 255232 
942 |c BK 
945 |a cmena  |d 20050429 00:00:00 
546 |a En Español 
536 |a Centro de Legislación Ambiental  
536 |a Unión Mundial para la Naturaleza 
518 |p Congreso Nacional de Derecho Ambiental, 1, Bonn, 1 de diciembre de 1992 
999 |c 384117  |d 384115 
952 |0 0  |1 0  |4 0  |6 344_046000000000000_CEN_1992  |7 0  |8 A  |9 506591  |a BIBDER  |b BIBDER  |d 2020-01-23  |i 411826K  |o 344.046 CEN 1992  |p 411826K  |r 2023-01-25  |w 2020-01-23  |y BK  |k DER